Microconcrete (Record no. 545197)

000 -LEADER
fixed length control field 00414nam a22001457a 4500
082 ## - DEWEY DECIMAL CLASSIFICATION NUMBER
Classification number 620.136
Author Mark KUR
-- L-19, P-114
100 ## - MAIN ENTRY--PERSONAL NAME
Personal name Kurian, Nainan P
9 (RLIN) 40985
245 ## - TITLE STATEMENT
Title Microconcrete
Statement of responsibility, etc. Kurian, Nainan P
260 ## - PUBLICATION, DISTRIBUTION, ETC.
Place of publication, distribution, etc. India
Name of publisher, distributor, etc. Oxford & IBH Publishing Co
Date of publication, distribution, etc. 1992
300 ## - PHYSICAL DESCRIPTION
Extent vi, 82 p,:
Other physical details ill,
526 ## - STUDY PROGRAM INFORMATION NOTE
Program name 0
Interest level 0
Reading level 0
Title point value 620_136000000000000_KUR
650 ## - SUBJECT ADDED ENTRY--TOPICAL TERM
Topical term or geographic name entry element MCE
9 (RLIN) 379
700 ## - ADDED ENTRY--PERSONAL NAME
Personal name Kurian, Nainan P
9 (RLIN) 40985
942 ## - ADDED ENTRY ELEMENTS (KOHA)
Source of classification or shelving scheme
Koha item type Book
Holdings
Withdrawn status Lost status Source of classification or shelving scheme Damaged status Not for loan Permanent Location Current Location Date acquired Total Checkouts Full call number Barcode Date last seen Price effective from Koha item type
          Military College of Engineering (MCE) Military College of Engineering (MCE) 05/19/2014   620.136 KUR MCE-28487 05/19/2014 05/19/2014 Book
© 2023 Central Library, National University of Sciences and Technology. All Rights Reserved.